| 000 | 00000nam 2200000zi 4500 |
| 001 | 9.943761 |
| 003 | CaOODSP |
| 005 | 20241003150052 |
| 006 | m o d f |
| 007 | cr bn||||||||| |
| 008 | 241003t19861986qucab ob f000 0 fre d |
| 020 | |a066293699X |q(imprimé) |
| 040 | |aCaOODSP|bfre|erda|cCaOODSP |
| 041 | 0 |afre|bfre|beng |
| 043 | |an-cn-qu |
| 045 | |ax8x8 |
| 086 | 1 |aEn42-1/5-2F-PDF |
| 086 | 1 |aEN49-5/5-RQ-2F |
| 100 | 1 |aSébastien, P., |eauteur. |
| 245 | 10|aÉtude de l'amiante dans l'air ambiant des villes minières du Québec. |n2e partie, |pÉtude principale / |cP. Sébastien, M. Plourde, R. Robb et M. Ross, B. Nadon et et T. Wypruk. |
| 264 | 1|a[Montréal] : |bEnvironnement Canada, Service de la protection de l'environnement = Environment Canada, Environmental Protection Service, |c1986. |
| 264 | 4|c©1986 |
| 300 | |a1 ressource en ligne (xi, 51 pages) : |billustrations, cartes. |
| 336 | |atexte|btxt|2rdacontent/fre |
| 337 | |ainformatique|bc|2rdamedia/fre |
| 338 | |aressource en ligne|bcr|2rdacarrier/fre |
| 490 | 1 |a[Série de rapports du Service de la protection de l'environnement] |
| 500 | |aPublié aussi en anglais sous le titre : Ambient air asbestos survey in Québec mining towns. Part 2, Main study. |
| 500 | |a« Rapport SPE 5/AP/RQ-2F, 1986. » |
| 500 | |aÉdition numérisée de l'imprimé [par Environnement et changement climatique Canada]. |
| 504 | |aComprend des références bibliographiques (pages 47-50). |
| 546 | |aComprend des résumés en français et en anglais. |
| 650 | 6|aPoussière d'amiante|zQuébec (Province)|xMesure. |
| 650 | 6|aAir|xPollution|zQuébec (Province)|xMesure. |
| 650 | 6|aAmiante|xMines et extraction|xAspect de l'environnement|zQuebec (Province) |
| 710 | 1 |aCanada. |bService de la protection de l'environnement. |bRégion du Québec, |eorganisme de publication. |
| 775 | 08|tAmbient air asbestos survey in Québec mining towns. |w(CaOODSP)9.922218 |
| 830 | #0|aSérie de rapports du Service de la protection de l'environnement.|w(CaOODSP)9.866045 |
| 856 | 40|qPDF|s9.85 Mo|uhttps://publications.gc.ca/collections/collection_2024/eccc/en42/En42-1-5-2-fra.pdf |